[Event "Fried Liver Attack"]
[Site "SchemingMind.com"]
[Date "2010.04.25"]
[Round "-"]
[White "Negrito19"]
[Black "kifosi"]
[Result "0-1"]
[WhiteCountry "ARG"]
[BlackCountry "DEN"]
[WhiteElo "1526"]
[WhiteRD "72"]
[BlackElo "1763"]
[BlackRD "88"]
[GameID "246447"]

1. e4 e5 2. Nf3 Nc6 3. Bc4 Nf6 4. Ng5 d5 5. exd5 Nxd5 6. Nxf7 Kxf7 7. Qf3+ Ke6 8. Nc3 Ne7 9. Qe4 c6 10. d4 Qd6
11. f4 Kd7 12. dxe5 Nxc3 13. bxc3 Qg6 14. Qd4+ Ke8 15. Qd2 Qe4+ 16. Be2 Bh3 17. Ba3 Rd8 18. Qxd8+ Kxd8 19. O-O-O+ Ke8 20. Bf3 Qxf4+
21. Kb1 Bg4 22. Bxg4 Qxg4 23. Rd2 Ng6 24. h3 Qe6 25. Bb2 Qxe5 26. Rhd1 Be7 27. c4 Qc5 28. Bxg7 Rg8 29. Bb2 Qxc4 30. Rd7 Qb5
31. Ka1 Rf8 32. R7d3 Rf2 33. Rb3 Qa6 34. c3 b6 35. a3 Qe2 36. Rc1 Bxa3 37. Rb1 Bxb2+ 38. R3xb2 Qa6+ 39. Ra2 Qxa2#
0-1

[Event "Fried Liver Attack"]
[Site "SchemingMind.com"]
[Date "2010.04.25"]
[Round "-"]
[White "Queeny"]
[Black "kifosi"]
[Result "0-1"]
[WhiteCountry "ENG"]
[BlackCountry "DEN"]
[WhiteElo "1643"]
[WhiteRD "64"]
[BlackElo "1763"]
[BlackRD "88"]
[GameID "246448"]

1. e4 e5 2. Nf3 Nc6 3. Bc4 Nf6 4. Ng5 d5 5. exd5 Nxd5 6. Nxf7 Kxf7 7. Qf3+ Ke6 8. Nc3 Ne7 9. O-O c6 10. d4 exd4
11. Ne4 Nf5 12. Re1 Kf7 13. g4 b5 14. Ng5+ Kg8 15. gxf5 bxc4 16. Ne6 Qa5 17. Qe4 Nf6 18. Qe2 d3 19. cxd3 cxd3 20. Qe3 Bd6
0-1

[Event "Fried Liver Attack"]
[Site "SchemingMind.com"]
[Date "2010.04.29"]
[Round "-"]
[White "lemmie"]
[Black "kifosi"]
[Result "1-0"]
[WhiteCountry "NED"]
[BlackCountry "DEN"]
[WhiteElo "1619"]
[WhiteRD "54"]
[BlackElo "1763"]
[BlackRD "88"]
[GameID "246449"]

1. e4 e5 2. Nf3 Nc6 3. Bc4 Nf6 4. Ng5 d5 5. exd5 Nxd5 6. Nxf7 Kxf7 7. Qf3+ Ke6 8. Nc3 Ne7 9. d4 Qd6 10. O-O Kd7
11. dxe5 Qxe5 12. Rd1 c6 13. Bf4 Qf6 14. Nxd5 cxd5 15. Bxd5 Ke8 16. Bb3 Nc6 17. Re1+ Be7 18. Rad1 Bd7 19. Qd5 Bg4 20. f3 Bf5
21. Bg5 Qf8 22. Bxe7 Nxe7 23. Qb5+
1-0

[Event "Fried Liver Attack"]
[Site "SchemingMind.com"]
[Date "2010.04.25"]
[Round "-"]
[White "nammy"]
[Black "kifosi"]
[Result "0-1"]
[WhiteCountry "ENG"]
[BlackCountry "DEN"]
[WhiteElo "839"]
[WhiteRD "52"]
[BlackElo "1763"]
[BlackRD "88"]
[GameID "246450"]

1. e4 e5 2. Nf3 Nc6 3. Bc4 Nf6 4. Ng5 d5 5. exd5 Nxd5 6. Nxf7 Kxf7 7. d3 Be6 8. Na3 Bxa3 9. bxa3 Qf6 10. Rb1 Nc3
11. Qd2 Nxb1 12. Qe2 Bxc4 13. a4 Nd4 14. Qe4 Bxa2 15. Qxb7 Qb6 16. Qe4 Rhf8 17. Qxe5 Rfe8 18. Bf4 Rxe5+ 19. Bxe5 Re8 20. f4 Nc6
21. Kf1 Nxe5 22. Ke1 Nxd3+ 23. Kf1 Re1#
0-1

[Event "Fried Liver Attack"]
[Site "SchemingMind.com"]
[Date "2010.04.27"]
[Round "-"]
[White "Heidi"]
[Black "kifosi"]
[Result "0-1"]
[WhiteCountry "USA"]
[BlackCountry "DEN"]
[WhiteElo "1114"]
[WhiteRD "69"]
[BlackElo "1698"]
[BlackRD "80"]
[GameID "246451"]

1. e4 e5 2. Nf3 Nc6 3. Bc4 Nf6 4. Ng5 d5 5. exd5 Nxd5 6. Nxf7 Kxf7 7. O-O Be6 8. d3 Bc5 9. b3 Rf8 10. Bb2 Bd4
11. Qf3+ Kg8 12. Qh5 Bxb2 13. Nc3 Bxc3 14. Rad1 Bd4 15. Rc1 Rf6 16. h3 Qf8 17. Rfe1 Bxf2+ 18. Kh2 Bxe1 19. Rxe1 Rf2 20. Re4 Nf4
21. Qg5 Rxg2+
0-1

[Event "Fried Liver Attack"]
[Site "SchemingMind.com"]
[Date "2010.04.27"]
[Round "-"]
[White "MOIMOI"]
[Black "kifosi"]
[Result "0-1"]
[WhiteCountry "POL"]
[BlackCountry "DEN"]
[WhiteElo "1563"]
[WhiteRD "51"]
[BlackElo "1763"]
[BlackRD "88"]
[GameID "246452"]

1. e4 e5 2. Nf3 Nc6 3. Bc4 Nf6 4. Ng5 d5 5. exd5 Nxd5 6. Nxf7 Kxf7 7. Qf3+ Ke6 8. Nc3 Ne7 9. O-O c6 10. d4 exd4
11. Qg4+ Kd6 12. Ne4+ Kc7 13. Qg3+ Kd7 14. Bg5 h6 15. Bxd5 cxd5 16. Nc5+ Kc6 17. b4 hxg5 18. Rae1 Nf5 19. Qa3 Bxc5 20. bxc5 g4
21. Re2 Qh4 22. Rfe1 Qxh2+
0-1

[Event "Fried Liver Attack"]
[Site "SchemingMind.com"]
[Date "2010.04.30"]
[Round "-"]
[White "OSA"]
[Black "jtrochez1"]
[Result "0-1"]
[WhiteCountry "RUS"]
[BlackCountry "HON"]
[WhiteElo "1389"]
[WhiteRD "97"]
[BlackElo "1603"]
[BlackRD "47"]
[GameID "247013"]

1. e4 e5 2. Nf3 Nc6 3. Bc4 Nf6 4. Ng5 d5 5. exd5 Nxd5 6. Nxf7 Kxf7 7. Qf3+ Qf6 8. Bxd5+ Ke7 9. Qxf6+ gxf6 10. Bxc6 bxc6
11. O-O h5 12. g3 Bg7 13. d3 Bh6 14. Bxh6 Rxh6 15. b3 Bh3 16. Re1 h4 17. f4 Kd6 18. Nd2 exf4 19. gxf4 Rg8+ 20. Kf2 Rg2+
21. Kf3 f5 22. Re2 Rhg6 23. Rxg2 Bxg2+ 24. Ke2 Bh3 25. Nc4+ Kc5 26. a3 Rg2+ 27. Kf3 Rxc2 28. b4+ Kd4 29. Rh1 Bg2#
0-1

[Event "Fried Liver Attack"]
[Site "SchemingMind.com"]
[Date "2010.04.30"]
[Round "-"]
[White "OSA"]
[Black "XTC"]
[Result "0-1"]
[WhiteCountry "RUS"]
[BlackCountry "COL"]
[WhiteElo "1405"]
[WhiteRD "99"]
[BlackElo "1896"]
[BlackRD "58"]
[GameID "247014"]

1. e4 e5 2. Nf3 Nc6 3. Bc4 Nf6 4. Ng5 d5 5. exd5 Nxd5 6. Nxf7 Kxf7 7. Qf3+ Ke6 8. Nc3 Nb4 9. Bb3 c6 10. O-O Qf6
11. Nxd5 Nxd5 12. Qxf6+ gxf6 13. Re1 b5 14. d4 c5 15. dxe5 fxe5 16. Bf4 Bd6 17. Rad1 c4 18. Bxc4 bxc4 19. b3 Nxf4 20. bxc4 Bb7
21. g3 Nh3+ 22. Kf1 Rhf8 23. Rd2 Bb4 24. Rd7 Rxf2#
0-1

[Event "Fried Liver Attack"]
[Site "SchemingMind.com"]
[Date "2010.05.01"]
[Round "-"]
[White "OSA"]
[Black "Negrito19"]
[Result "1-0"]
[WhiteCountry "RUS"]
[BlackCountry "ARG"]
[WhiteElo "1405"]
[WhiteRD "99"]
[BlackElo "1526"]
[BlackRD "72"]
[GameID "247015"]

1. e4 e5 2. Nf3 Nc6 3. Bc4 Nf6 4. Ng5 d5 5. exd5 Nxd5 6. Nxf7 Kxf7 7. Qf3+ Ke6 8. Nc3 Ne7 9. O-O c6 10. Re1 Qc7
11. d4 Ng6 12. Nxd5 cxd5 13. Qxd5+ Kf6 14. Re4 Bd6 15. Bd2 h6 16. g3 Bd7 17. Qf7#
1-0

[Event "Fried Liver Attack"]
[Site "SchemingMind.com"]
[Date "2010.05.02"]
[Round "-"]
[White "OSA"]
[Black "kifosi"]
[Result "0-1"]
[WhiteCountry "RUS"]
[BlackCountry "DEN"]
[WhiteElo "1405"]
[WhiteRD "99"]
[BlackElo "1763"]
[BlackRD "88"]
[GameID "247016"]

1. e4 e5 2. Nf3 Nc6 3. Bc4 Nf6 4. Ng5 d5 5. exd5 Nxd5 6. Nxf7 Kxf7 7. Qf3+ Ke6 8. Nc3 Nb4 9. Qe4 c6 10. O-O b5
11. Bb3 Bc5 12. Nxd5 Nxd5 13. Qg4+ Kf7 14. Qh5+ g6 15. Qxe5 Re8 16. Qc3 Qd6 17. a3 Be6 18. Qf3+ Kg8 19. g3 Bh3 20. Rd1 Qe5
21. Bxd5+ cxd5 22. Qe3 Bxe3 23. dxe3 Qe4 24. f3 Qxf3 25. Rd2 Qf1#
0-1

[Event "Fried Liver Attack"]
[Site "SchemingMind.com"]
[Date "2010.05.04"]
[Round "-"]
[White "OSA"]
[Black "Queeny"]
[Result "0-1"]
[WhiteCountry "RUS"]
[BlackCountry "ENG"]
[WhiteElo "1405"]
[WhiteRD "99"]
[BlackElo "1643"]
[BlackRD "64"]
[GameID "247017"]

1. e4 e5 2. Nf3 Nc6 3. Bc4 Nf6 4. Ng5 d5 5. exd5 Nxd5 6. Nxf7 Kxf7 7. Qf3+ Ke6 8. Nc3 Ne7 9. O-O g6 10. Nxd5 Nxd5
11. Re1 Bg7 12. b3 c6 13. d4 Rf8 14. Bf4 Rxf4 15. Rxe5+ Bxe5 16. Qe3 Rxd4 17. g3 Kd6 18. Qe2 Ne7 19. Re1 Bf6 20. c3 Rxc4
21. Qxc4 Kc7 22. Qf4+ Qd6 23. Qxd6+ Kxd6 24. c4 Bf5 25. h4 h5 26. Rd1+ Kc7 27. Kh2 Rg8 28. Rd2 g5 29. hxg5 Bxg5 30. f4 Bf6
31. Kg2 h4 32. Kf3 Rxg3+ 33. Kf2 Rg4 34. Kf3 h3 35. Rh2 Rh4 36. Kg3 Ng6 37. a4 Nxf4 38. b4 Nd3 39. b5 cxb5 40. cxb5 Ne5
41. a5 Ng6 42. a6 bxa6 43. bxa6 Be5+
0-1

[Event "Fried Liver Attack"]
[Site "SchemingMind.com"]
[Date "2010.05.03"]
[Round "-"]
[White "OSA"]
[Black "lemmie"]
[Result "1-0"]
[WhiteCountry "RUS"]
[BlackCountry "NED"]
[WhiteElo "1405"]
[WhiteRD "99"]
[BlackElo "1619"]
[BlackRD "54"]
[GameID "247018"]

1. e4 e5 2. Nf3 Nc6 3. Bc4 Nf6 4. Ng5 d5 5. exd5 Nxd5 6. Nxf7 Kxf7 7. Qf3+ Ke6 8. Nc3 Ne7 9. O-O c6 10. Re1 Qd6
11. Ne4 Qc7 12. Ng5+ Kd6 13. Nf7+ Kd7 14. Nxh8 Ng6 15. Nxg6 hxg6 16. Qxf8 b5 17. Qxg7+ Kd8 18. Qxc7+ Nxc7 19. Bf7 Bf5 20. Rxe5 Bxc2
21. Rc5 Be4 22. f3 Na6 23. Re5 Nc7 24. Rxe4 a5 25. Bxg6 Kd7 26. d3 Nd5 27. Bg5 Rg8 28. Bf5+ Kc7 29. Bf4+ Nxf4 30. Rxf4 Kd6
31. Re1 Kc5 32. d4+ Kb6 33. Rc1 Rd8 34. Be4 Rxd4 35. Rxc6+ Ka7 36. Rf7+ Kb8 37. Rg6 Rd8 38. Rb6+ Kc8 39. Bf5+
1-0

[Event "Fried Liver Attack"]
[Site "SchemingMind.com"]
[Date "2010.04.30"]
[Round "-"]
[White "OSA"]
[Black "nammy"]
[Result "1-0"]
[WhiteCountry "RUS"]
[BlackCountry "ENG"]
[WhiteElo "1405"]
[WhiteRD "99"]
[BlackElo "839"]
[BlackRD "52"]
[GameID "247019"]

1. e4 e5 2. Nf3 Nc6 3. Bc4 Nf6 4. Ng5 d5 5. exd5 Nxd5 6. Nxf7 Kxf7 7. Qf3+ Ke7 8. O-O Qe8 9. Qxd5 Na5 10. Qxe5+ Kd7
11. Qxa5 Qd8 12. Qe5 Rg8 13. Qe6#
1-0

[Event "Fried Liver Attack"]
[Site "SchemingMind.com"]
[Date "2010.04.30"]
[Round "-"]
[White "OSA"]
[Black "Heidi"]
[Result "1-0"]
[WhiteCountry "RUS"]
[BlackCountry "USA"]
[WhiteElo "1398"]
[WhiteRD "100"]
[BlackElo "1036"]
[BlackRD "65"]
[GameID "247020"]

1. e4 e5 2. Nf3 Nc6 3. Bc4 Nf6 4. Ng5 d5 5. exd5 Nxd5 6. Nxf7 Kxf7 7. Qf3+ Ke7 8. Bxd5 Nb4 9. Qf7+ Kd6 10. Bb3 Nxc2+
11. Bxc2 Bd7 12. Bb3 c6 13. O-O Kc7 14. Re1 Rc8 15. Rxe5 g6 16. d3 Kb8 17. Bf4 Ka8 18. Na3 Bd6 19. Ra5 Qxa5 20. Bxd6 Rhe8
21. g3 Rcd8 22. h4 Re2 23. Nc4 Qb5 24. Kf1 Re6 25. Qxh7 c5 26. Re1 Rde8 27. Rxe6 Bxe6 28. Qxg6 Bg8 29. a4 Qc6 30. Ne5 Qc8
31. Bxg8 a6 32. h5 b5 33. Be6 Rxe6 34. Qe4+ Ka7 35. Qd5 Qe8 36. Qxc5+ Kb7 37. Qc7+ Ka8 38. Nc6 Re1+ 39. Kg2 Re6 40. Qa7#
1-0

[Event "Fried Liver Attack"]
[Site "SchemingMind.com"]
[Date "2010.04.30"]
[Round "-"]
[White "OSA"]
[Black "MOIMOI"]
[Result "1-0"]
[WhiteCountry "RUS"]
[BlackCountry "POL"]
[WhiteElo "1405"]
[WhiteRD "99"]
[BlackElo "1563"]
[BlackRD "51"]
[GameID "247021"]

1. e4 e5 2. Nf3 Nc6 3. Bc4 Nf6 4. Ng5 d5 5. exd5 Nxd5 6. Nxf7 Kxf7 7. Qf3+ Ke6 8. O-O Nb4 9. Qb3 c6 10. a3 Na6
11. Re1 Bd6 12. d4 Qf6 13. dxe5 Bxe5 14. f4 Nc5 15. Qg3 Nd7 16. fxe5 Qf8 17. Qg4+ Ke7 18. Bd2 h6 19. Bxd5 cxd5 20. Bb4+ Kd8
21. Bxf8 Nxf8 22. Qxg7 Ng6 23. Qxg6 Re8 24. Qd6+ Bd7 25. e6 Rxe6 26. Rxe6 Rc8 27. Rxh6 Ke8 28. Rh8+
1-0

[Event "Fried Liver Attack"]
[Site "SchemingMind.com"]
[Date "2010.04.30"]
[Round "-"]
[White "jtrochez1"]
[Black "OSA"]
[Result "1-0"]
[WhiteCountry "HON"]
[BlackCountry "RUS"]
[WhiteElo "1603"]
[WhiteRD "47"]
[BlackElo "1389"]
[BlackRD "97"]
[GameID "247022"]

1. e4 e5 2. Nf3 Nc6 3. Bc4 Nf6 4. Ng5 d5 5. exd5 Nxd5 6. Nxf7 Kxf7 7. c3 Be6 8. O-O Bc5 9. Kh1 Nf4 10. Bxe6+ Kxe6
11. Qg4+ Kf7 12. d4 Bxd4 13. cxd4 Nxd4 14. Nc3 h5 15. Qd1 Qg5 16. Bxf4 Qxf4 17. Nd5 Qe4 18. Nc3 Qg4 19. f3 Qf4 20. Nd5 Qg5
21. f4 Qg6 22. fxe5+ Nf5 23. Qb3 Rad8 24. Nf4+ Ke8 25. Nxg6
1-0

[Event "Fried Liver Attack"]
[Site "SchemingMind.com"]
[Date "2010.04.30"]
[Round "-"]
[White "XTC"]
[Black "OSA"]
[Result "1-0"]
[WhiteCountry "COL"]
[BlackCountry "RUS"]
[WhiteElo "1896"]
[WhiteRD "58"]
[BlackElo "1405"]
[BlackRD "99"]
[GameID "247023"]

1. e4 e5 2. Nf3 Nc6 3. Bc4 Nf6 4. Ng5 d5 5. exd5 Nxd5 6. Nxf7 Kxf7 7. Qf3+ Ke6 8. Nc3 Nb4 9. Qe4 c6 10. a3 Na6
11. d4 Qd6 12. f4 b5 13. dxe5 Nc5 14. Qd4 Qd7 15. Nxb5 cxb5 16. Bxd5+ Qxd5 17. f5+ Kxf5 18. Qxd5 Bb7 19. O-O+ Kg6 20. Qf7#
1-0

[Event "Fried Liver Attack"]
[Site "SchemingMind.com"]
[Date "2010.04.30"]
[Round "-"]
[White "Negrito19"]
[Black "OSA"]
[Result "0-1"]
[WhiteCountry "ARG"]
[BlackCountry "RUS"]
[WhiteElo "1510"]
[WhiteRD "81"]
[BlackElo "1432"]
[BlackRD "102"]
[GameID "247024"]

1. e4 e5 2. Nf3 Nc6 3. Bc4 Nf6 4. Ng5 d5 5. exd5 Nxd5 6. Nxf7 Kxf7 7. Qf3+ Ke6 8. Nc3 Nb4 9. Qe4 c6 10. a3 Na6
11. d4 Qd6 12. Bf4 b5 13. dxe5 Nc5 14. Qe3 Qc7 15. Bxd5+ cxd5 16. Nxb5 Qa5+ 17. Nc3 Ba6 18. Qh3+ Kf7 19. e6+ Nxe6 20. b4 Qd8
21. Rd1 Nxf4 22. Qf3 g5 23. Nxd5 Bb7 24. g3 Bxd5 25. Qc3 Bg7 26. Qc5 Qe8+ 27. Kd2 Qe2+ 28. Kc1 Bxh1 29. Qc7+ Qe7 30. Rd7 Rhe8
31. Rxe7+ Rxe7 32. Qc4+ Ne6 33. Qg4 a5 34. h4 gxh4 35. Qh5+ Kg8 36. Qxh4 Rae8 37. Qxh1 Nd4 38. Qd5+ Ne6 39. bxa5 Rd8 40. Qc6 Nd4
41. Qc4+ Kf8 42. c3 Nf3 43. Qc5 Ne1 44. Qf5+ Kg8 45. Qb5 Nd3+ 46. Kc2 Nxf2 47. a6 Rc8 48. Qd5+ Rf7 49. c4 Ng4 50. a7 Ne3+
51. Kd3 Nxd5 52. cxd5 Rxa7 53. Ke4 Rxa3 54. d6 Rxg3 55. Kd5 Rg5+ 56. Ke6 Rg6+ 57. Kd5 Rd8 58. Kc5 Rgxd6 59. Kc4 Rc8+ 60. Kb5 Rd1
61. Kb6 Rb1+ 62. Ka7 Rc2 63. Ka6 Ra2#
0-1

[Event "Fried Liver Attack"]
[Site "SchemingMind.com"]
[Date "2010.05.03"]
[Round "-"]
[White "kifosi"]
[Black "OSA"]
[Result "1-0"]
[WhiteCountry "DEN"]
[BlackCountry "RUS"]
[WhiteElo "1763"]
[WhiteRD "88"]
[BlackElo "1405"]
[BlackRD "99"]
[GameID "247025"]

1. e4 e5 2. Nf3 Nc6 3. Bc4 Nf6 4. Ng5 d5 5. exd5 Nxd5 6. Nxf7 Kxf7 7. Qf3+ Ke6 8. Nc3 Ne7 9. d4 c6 10. Bg5 h6
11. Bxe7 Bxe7 12. O-O-O b5 13. Bxd5+ cxd5 14. dxe5 Bb7 15. Qg4+ Kxe5 16. Rhe1+ Kf6 17. Qe6+
1-0

[Event "Fried Liver Attack"]
[Site "SchemingMind.com"]
[Date "2010.04.30"]
[Round "-"]
[White "Queeny"]
[Black "OSA"]
[Result "1-0"]
[WhiteCountry "ENG"]
[BlackCountry "RUS"]
[WhiteElo "1643"]
[WhiteRD "64"]
[BlackElo "1405"]
[BlackRD "99"]
[GameID "247026"]

1. e4 e5 2. Nf3 Nc6 3. Bc4 Nf6 4. Ng5 d5 5. exd5 Nxd5 6. Nxf7 Kxf7 7. Qf3+ Ke6 8. Nc3 Nb4 9. Bb3 c6 10. Qg4+ Kd6
11. Qe4 Be6 12. d4 exd4 13. Qxd4 Qa5 14. O-O Be7 15. a3 Na6 16. Bxd5 cxd5 17. Bd2 Qc5 18. Ne4+ Kc6 19. Nxc5 Nxc5 20. Qxg7 Ne4
21. Qxe7 Nxd2 22. Qxe6+ Kc7 23. Qe5+ Kc8 24. Qxh8+ Kc7 25. Qxa8 Nxf1 26. Rxf1 a6 27. Qh8
1-0

[Event "Fried Liver Attack"]
[Site "SchemingMind.com"]
[Date "2010.05.03"]
[Round "-"]
[White "lemmie"]
[Black "OSA"]
[Result "1-0"]
[WhiteCountry "NED"]
[BlackCountry "RUS"]
[WhiteElo "1619"]
[WhiteRD "54"]
[BlackElo "1405"]
[BlackRD "99"]
[GameID "247027"]

1. e4 e5 2. Nf3 Nc6 3. Bc4 Nf6 4. Ng5 d5 5. exd5 Nxd5 6. Nxf7 Kxf7 7. Qf3+ Ke6 8. Nc3 Nb4 9. Qe4 c6 10. a3 Na6
11. d4 b5 12. Bb3 Qd6 13. Bf4 Nc5 14. dxc5 Qxc5 15. Bxe5 Bd6 16. Bd4+ Kd7 17. Bxc5 Re8 18. Qxe8+ Kxe8 19. Bxd6 Kd7 20. Nxd5 Kxd6
21. Ne3 Bd7 22. O-O-O+ Kc7 23. h3 Rf8 24. f3 Re8 25. Rhe1 Re5 26. f4 Rc5 27. g4 g6 28. Ng2 a6 29. Re7 h5 30. Rdxd7+ Kb6
31. c3 hxg4 32. Bd1 Rd5 33. Rb7+ Kc5 34. hxg4 a5 35. Ne3 Rd3 36. b4+ axb4 37. axb4+ Kd6 38. Rbd7#
1-0

[Event "Fried Liver Attack"]
[Site "SchemingMind.com"]
[Date "2010.04.30"]
[Round "-"]
[White "nammy"]
[Black "OSA"]
[Result "0-1"]
[WhiteCountry "ENG"]
[BlackCountry "RUS"]
[WhiteElo "839"]
[WhiteRD "52"]
[BlackElo "1405"]
[BlackRD "99"]
[GameID "247028"]

1. e4 e5 2. Nf3 Nc6 3. Bc4 Nf6 4. Ng5 d5 5. exd5 Nxd5 6. Nxf7 Kxf7 7. Qe2 Bf5 8. Na3 Nb4 9. Qxe5 Qd7 10. h3 Re8
11. Qe2 Rxe2+ 12. Kxe2 Qe6+ 13. Kf3 Qe4+ 14. Kg3 Qf4#
0-1

[Event "Fried Liver Attack"]
[Site "SchemingMind.com"]
[Date "2010.05.01"]
[Round "-"]
[White "Heidi"]
[Black "OSA"]
[Result "0-1"]
[WhiteCountry "USA"]
[BlackCountry "RUS"]
[WhiteElo "1114"]
[WhiteRD "69"]
[BlackElo "1389"]
[BlackRD "97"]
[GameID "247029"]

1. e4 e5 2. Nf3 Nc6 3. Bc4 Nf6 4. Ng5 d5 5. exd5 Nxd5 6. Nxf7 Kxf7 7. Qh5+ g6 8. Qf3+ Bf5 9. O-O Nb4 10. a3 c6
11. axb4 Bxb4 12. c3 b5 13. Be2 e4 14. Qg3 Bd6 15. f4 Qc7 16. b4 Nxf4 17. Qh4 Nxe2+ 18. Kf2 Nxc1 19. Rxc1 Bxh2 20. Rd1 Bd6
21. d3 Qb6+ 22. d4 a5 23. Ke2 h5 24. Nd2 Bg4+ 25. Ke3 Bxd1 26. bxa5 Rxa5 27. Rxd1 Ra3 28. Nb1 Rb3 29. Nd2 Rxc3+ 30. Kxe4 Re8+
31. Qe7+ Rxe7#
0-1

[Event "Fried Liver Attack"]
[Site "SchemingMind.com"]
[Date "2010.04.30"]
[Round "-"]
[White "MOIMOI"]
[Black "OSA"]
[Result "1-0"]
[WhiteCountry "POL"]
[BlackCountry "RUS"]
[WhiteElo "1563"]
[WhiteRD "51"]
[BlackElo "1405"]
[BlackRD "99"]
[GameID "247030"]

1. e4 e5 2. Nf3 Nc6 3. Bc4 Nf6 4. Ng5 d5 5. exd5 Nxd5 6. Nxf7 Kxf7 7. Qf3+ Ke6 8. Nc3 Nb4 9. Bb3 c6 10. O-O Bc5
11. Ne4 Bf8 12. d4 exd4 13. Bg5 Be7 14. Rae1 Kd7 15. Nc5+ Kd6 16. Bxe7+ Qxe7 17. Rxe7 Nxe7 18. Ne4+ Kc7 19. Qf4+ Kb6 20. Nd6 Bd7
21. Qxd4+ Kc7 22. Qxb4 b5 23. Nxb5+ cxb5 24. Qxe7 Rae8 25. Qc5+ Bc6 26. Qxa7+ Bb7 27. Bd5 Rb8 28. Qc5+ Kd8 29. Qd6+ Kc8 30. Be6#
1-0